<?xml version="1.0" encoding="UTF-8"?>
<record
    xmlns:xsi="http://www.w3.org/2001/XMLSchema-instance"
    xsi:schemaLocation="http://www.loc.gov/MARC21/slim http://www.loc.gov/standards/marcxml/schema/MARC21slim.xsd"
    xmlns="http://www.loc.gov/MARC21/slim">

  <leader>01890cam a2200277 a 4500</leader>
  <controlfield tag="003">EG-GiCUC</controlfield>
  <controlfield tag="005">20250223031118.0</controlfield>
  <controlfield tag="008">141208s2013    ua     f m    000 0 ara d</controlfield>
  <datafield tag="040" ind1=" " ind2=" ">
    <subfield code="a">EG-GiCUC</subfield>
    <subfield code="b">ara</subfield>
    <subfield code="c">EG-GiCUC</subfield>
  </datafield>
  <datafield tag="041" ind1="0" ind2=" ">
    <subfield code="a">ara</subfield>
  </datafield>
  <datafield tag="049" ind1=" " ind2=" ">
    <subfield code="a">&#x627;&#x647;&#x62F;&#x627;&#x621;</subfield>
  </datafield>
  <datafield tag="097" ind1=" " ind2=" ">
    <subfield code="a">&#x62F;&#x643;&#x62A;&#x648;&#x631;&#x627;&#x647;</subfield>
  </datafield>
  <datafield tag="099" ind1=" " ind2=" ">
    <subfield code="a">Cai01.34.Ph.D.2013.&#x626;&#x627;.&#x62C;</subfield>
  </datafield>
  <datafield tag="100" ind1="0" ind2=" ">
    <subfield code="a">&#x626;&#x627;&#x644;&#x627;&#x646; &#x628;&#x647;&#x627;&#x621; &#x627;&#x644;&#x62F;&#x64A;&#x646; &#x639;&#x628;&#x62F;&#x627;&#x644;&#x644;&#x647;</subfield>
  </datafield>
  <datafield tag="245" ind1="1" ind2="2">
    <subfield code="a">&#x627;&#x644;&#x62C;&#x648;&#x627;&#x646;&#x628; &#x627;&#x644;&#x642;&#x627;&#x646;&#x648;&#x646;&#x64A;&#x629; &#x644;&#x644;&#x648;&#x635;&#x627;&#x64A;&#x629; &#x639;&#x644;&#x649; &#x627;&#x644;&#x645;&#x635;&#x627;&#x631;&#x641; &#x627;&#x644;&#x639;&#x631;&#x627;&#x642;&#x64A;&#x629; &#x627;&#x644;&#x62E;&#x627;&#x635;&#x629; : </subfield>
    <subfield code="b">&#x62F;&#x631;&#x627;&#x633;&#x629; &#x645;&#x642;&#x627;&#x631;&#x646;&#x629; / </subfield>
    <subfield code="c">&#x626;&#x627;&#x644;&#x627;&#x646; &#x628;&#x647;&#x627;&#x621; &#x627;&#x644;&#x62F;&#x64A;&#x646; &#x639;&#x628;&#x62F;&#x627;&#x644;&#x644;&#x647; &#x61B; &#x625;&#x634;&#x631;&#x627;&#x641; &#x646;&#x627;&#x635;&#x631; &#x62E;&#x644;&#x64A;&#x644; &#x62C;&#x644;&#x627;&#x644;</subfield>
  </datafield>
  <datafield tag="246" ind1="1" ind2="5">
    <subfield code="a">Legal aspects of conservatorship on Iraqi private banks : </subfield>
    <subfield code="b">Comparative study</subfield>
  </datafield>
  <datafield tag="260" ind1=" " ind2=" ">
    <subfield code="a">&#x627;&#x644;&#x639;&#x631;&#x627;&#x642; : </subfield>
    <subfield code="b">&#x626;&#x627;&#x644;&#x627;&#x646; &#x628;&#x647;&#x627;&#x621; &#x627;&#x644;&#x62F;&#x64A;&#x646; &#x639;&#x628;&#x62F;&#x627;&#x644;&#x644;&#x647; : </subfield>
    <subfield code="c">2013</subfield>
  </datafield>
  <datafield tag="300" ind1=" " ind2=" ">
    <subfield code="a">291 &#x648;&#x631;&#x642;&#x629; &#x61B; </subfield>
    <subfield code="c">30&#x633;&#x645;</subfield>
  </datafield>
  <datafield tag="502" ind1=" " ind2=" ">
    <subfield code="a">&#x627;&#x637;&#x631;&#x648;&#x62D;&#x629; (&#x62F;&#x643;&#x62A;&#x648;&#x631;&#x627;&#x647;) - &#x62C;&#x627;&#x645;&#x639;&#x629; &#x635;&#x644;&#x627;&#x62D; &#x627;&#x644;&#x62F;&#x64A;&#x646; - &#x627;&#x631;&#x628;&#x64A;&#x644; - &#x648;&#x632;&#x627;&#x631;&#x629; &#x627;&#x644;&#x62A;&#x639;&#x644;&#x64A;&#x645; &#x627;&#x644;&#x639;&#x627;&#x644;&#x64A; &#x648; &#x627;&#x644;&#x628;&#x62D;&#x62B; &#x627;&#x644;&#x639;&#x644;&#x645;&#x64A; - &#x642;&#x633;&#x645; &#x627;&#x644;&#x642;&#x627;&#x646;&#x648;&#x646; &#x627;&#x644;&#x62E;&#x627;&#x635;</subfield>
  </datafield>
  <datafield tag="520" ind1=" " ind2=" ">
    <subfield code="a">&#x62A;&#x639;&#x62F; &#x627;&#x644;&#x648;&#x635;&#x627;&#x64A;&#x629; &#x641;&#x64A; &#x645;&#x62C;&#x627;&#x644; &#x627;&#x644;&#x645;&#x635;&#x627;&#x631;&#x641; &#x645;&#x646; &#x627;&#x644;&#x645;&#x648;&#x636;&#x648;&#x639;&#x627;&#x62A; &#x627;&#x644;&#x62A;&#x64A; &#x638;&#x647;&#x631;&#x62A; &#x646;&#x62A;&#x64A;&#x62C;&#x629; &#x639;&#x62C;&#x632; &#x646;&#x638;&#x627;&#x645;&#x64A; &#x627;&#x644;&#x625;&#x641;&#x644;&#x627;&#x633; &#x648; &#x627;&#x644;&#x62A;&#x635;&#x641;&#x64A;&#x629; &#x627;&#x644;&#x62C;&#x628;&#x631;&#x64A;&#x629; &#x641;&#x64A; &#x628;&#x639;&#x636; &#x627;&#x644;&#x62D;&#x627;&#x644;&#x627;&#x62A; &#x639;&#x646; &#x62D;&#x645;&#x627;&#x64A;&#x629; &#x62D;&#x642;&#x648;&#x642; &#x62F;&#x627;&#x626;&#x646;&#x64A; &#x627;&#x644;&#x645;&#x635;&#x627;&#x631;&#x641; &#x648; &#x623;&#x62B;&#x631;&#x647;&#x645;&#x627; &#x627;&#x644;&#x633;&#x644;&#x628;&#x64A; &#x639;&#x644;&#x649; &#x627;&#x644;&#x625;&#x642;&#x62A;&#x635;&#x627;&#x62F; &#x627;&#x644;&#x648;&#x637;&#x646;&#x64A; : &#x643;&#x648;&#x646;&#x647;&#x645;&#x627; &#x64A;&#x624;&#x62F;&#x64A;&#x627;&#x646; &#x627;&#x644;&#x649; &#x625;&#x646;&#x647;&#x627;&#x621; &#x627;&#x644;&#x648;&#x62C;&#x648;&#x62F; &#x627;&#x644;&#x642;&#x627;&#x646;&#x648;&#x646;&#x64A; &#x644;&#x644;&#x645;&#x635;&#x627;&#x631;&#x641; &#x641;&#x64A; &#x627;&#x644;&#x648;&#x642;&#x62A; &#x627;&#x644;&#x630;&#x64A; &#x645;&#x646; &#x627;&#x644;&#x645;&#x641;&#x62A;&#x631;&#x636; &#x627;&#x644;&#x625;&#x628;&#x642;&#x627;&#x621; &#x639;&#x644;&#x64A;&#x647; &#x646;&#x638;&#x631;&#x622; &#x644;&#x62A;&#x634;&#x639;&#x628; &#x627;&#x644;&#x639;&#x644;&#x627;&#x642;&#x627;&#x62A; &#x627;&#x644;&#x645;&#x631;&#x62A;&#x628;&#x637;&#x629; &#x628;&#x627;&#x644;&#x645;&#x635;&#x627;&#x631;&#x641; &#x648; &#x62F;&#x648;&#x631; &#x647;&#x630;&#x647; &#x627;&#x644;&#x623;&#x62E;&#x64A;&#x631;&#x629; &#x641;&#x64A; &#x639;&#x645;&#x644;&#x64A;&#x629; &#x627;&#x644;&#x62A;&#x646;&#x645;&#x64A;&#x629; &#x627;&#x644;&#x625;&#x642;&#x62A;&#x635;&#x627;&#x62F;&#x64A;&#x629; &#x62F;&#x627;&#x62E;&#x644; &#x627;&#x644;&#x62F;&#x648;&#x644;&#x629;</subfield>
  </datafield>
  <datafield tag="700" ind1="0" ind2=" ">
    <subfield code="a">&#x646;&#x627;&#x635;&#x631; &#x62E;&#x644;&#x64A;&#x644; &#x62C;&#x644;&#x627;&#x644; : </subfield>
    <subfield code="e">&#x645;&#x634;&#x631;&#x641;</subfield>
  </datafield>
  <datafield tag="856" ind1=" " ind2=" ">
    <subfield code="u">http://172.23.153.220/th.pdf</subfield>
  </datafield>
  <datafield tag="905" ind1=" " ind2=" ">
    <subfield code="a">Enas</subfield>
    <subfield code="e">Cataloger</subfield>
  </datafield>
  <datafield tag="905" ind1=" " ind2=" ">
    <subfield code="a">Nazla</subfield>
    <subfield code="e">Revisor</subfield>
  </datafield>
  <datafield tag="942" ind1=" " ind2=" ">
    <subfield code="2">ddc</subfield>
    <subfield code="c">TH</subfield>
  </datafield>
  <datafield tag="999" ind1=" " ind2=" ">
    <subfield code="c">48662</subfield>
    <subfield code="d">48662</subfield>
  </datafield>
  <datafield tag="952" ind1=" " ind2=" ">
    <subfield code="2">ddc</subfield>
    <subfield code="7">0</subfield>
    <subfield code="a">CUCL</subfield>
    <subfield code="b">cl210</subfield>
    <subfield code="d">2024-02-11</subfield>
    <subfield code="o">Cai01.34.Ph.D.2013.&#x626;&#x627;.&#x62C;</subfield>
    <subfield code="p">01010100019679000</subfield>
    <subfield code="r">2023-09-22 00:00:00</subfield>
    <subfield code="y">TH</subfield>
  </datafield>
</record>
